Physics of semiconductors (Record no. 14100)

000 -LEADER
fixed length control field 00454nam a2200181 4500
001 - CONTROL NUMBER
control field 14100
003 - CONTROL NUMBER IDENTIFIER
control field BD-DhUET
008 - FIXED-LENGTH DATA ELEMENTS--GENERAL INFORMATION
fixed length control field 150307b xxu||||| |||| 00| 0 eng d
040 ## - CATALOGING SOURCE
Transcribing agency 0
Modifying agency BD-DhUET
082 ## - DEWEY DECIMAL CLASSIFICATION NUMBER
Classification number 537.622
Item number MOL/1964
100 ## - MAIN ENTRY--PERSONAL NAME
Personal name Moll, John L.
245 ## - TITLE STATEMENT
Title Physics of semiconductors
250 ## - EDITION STATEMENT
Edition statement 1st ed.
260 ## - PUBLICATION, DISTRIBUTION, ETC. (IMPRINT)
Place of publication, distribution, etc. New York
Name of publisher, distributor, etc. McGraw-Hill
Date of publication, distribution, etc. 1964
300 ## - PHYSICAL DESCRIPTION
Extent viii, 293 p.
Other physical details ill.
650 #0 - SUBJECT ADDED ENTRY--TOPICAL TERM
Topical term or geographic name as entry element Semiconductor : Electrical physics
942 ## - ADDED ENTRY ELEMENTS (KOHA)
Koha item type General Book
Holdings
Source of classification or shelving scheme Location (home branch) Copy number Koha item type Piece designation (barcode) Koha date last seen Damaged status Lost status Not for loan Date acquired Koha normalized classification for sorting Withdrawn status Koha full call number Sublocation or collection (holding branch) Shelving location Price effective from
 Central Library, BUET1General Book392572015-03-07   2015-03-07537_622000000000000_MOL_1964 537.622/MOL/1964Central Library, BUETCirculation section2015-03-07
 Central Library, BUET2General Book348792015-03-07   2015-03-07537_622000000000000_MOL_1964 537.622/MOL/1964Central Library, BUETCirculation section2015-03-07
 Central Library, BUET3General Book348812015-07-11   2015-07-11537_622000000000000_MOL_1964 537.622/MOL/1964Central Library, BUETCirculation section2015-07-11